LEADER 01018nam0-22003131--450- 001 990008219130403321 005 20051107112830.0 010 $a88-243-1545-3 035 $a000821913 035 $aFED01000821913 035 $a(Aleph)000821913FED01 035 $a000821913 100 $a20051107d2004----km-y0itay50------ba 101 0 $aita 102 $aIT 105 $ay-------001yy 200 1 $aPrincķpi e regole internazionali tra forza e costume$ele relazioni anglo-sabaude nella prima metą del settecento$fEnrico Genta 210 $aNapoli$cJovene$d2004 215 $a219 p.$d24 cm 225 1 $aMemorie del Dipartimento di scienze giuridiche$fUniversitą di Torino$hSerie 5$iMemoria$v24 676 $a327.41045$v21$zita 700 1$aGenta,$bEnrico$0252577 801 0$aIT$bUNINA$gRICA$2UNIMARC 901 $aBK 912 $a990008219130403321 952 $aUNIVERSITA'553(24)$b48333*$fFGBC 959 $aFGBC 996 $aPrincķpi e regole internazionali tra forza e costume$9739229 997 $aUNINA LEADER 01634nam--2200385---450- 001 990000447400203316 005 20060328183155.0 035 $a0044740 035 $aUSA010044740 035 $a(ALEPH)000044740USA01 035 $a0044740 100 $a20010515d1999----km-y0itay0103----ba 101 $aita 102 $aIT 105 $aa|||||||001yy 200 1 $aComando, tutela, patrimonio artistico$ela circolazione illecita delle opere d'arte$einternazionalizzazione del traffico illecito, attivitą di contrasto e banche dati$eatti del 5. Convegno internazionale, Roma, Scuola Ufficiali Carabinieri, 3-6 maggio 1999$fMinistero per i beni culturali e ambientali, Ufficio centrale per i beni ambientali, architettonici, archeologici, artistici e storici 210 $aRoma$cIstituto Poligrafico e Zecca dello Stato$d1999 215 $a296 p.$cill.$d29 cm 300 $aSuppl. al n.34-35 del Bollettino di numismatica 606 0 $aNumismatica 676 $a737.05 710 02$aItalia. Ufficio centrale per i beni ambientali, architettonici, archeologici, artistici e storici$0292004 912 $a990000447400203316 951 $aVII E 574$b156911 L.M.$cVII E$d00071462 951 $aVII E 574 Bis$b156912 L.M.$cVII E$d00071463 959 $aBK 969 $aUMA 979 $aPAOLA$b40$c20010515$lUSA01$h1339 979 $c20020403$lUSA01$h1653 979 $aPATRY$b90$c20040406$lUSA01$h1631 979 $aCOPAT6$b90$c20060116$lUSA01$h1032 979 $aCOPAT6$b90$c20060116$lUSA01$h1035 979 $aCOPAT6$b90$c20060328$lUSA01$h1831 996 $aComando, tutela, patrimonio artistico$9890225 997 $aUNISA